000 00631nam a2200181Ia 4500
008 151202s9999||||xx |||||||||||||| ||und||
082 _bPNVM-58374
100 _aखांडगे भास्कर.
245 _aअस्वस्थ सूर्योदय.
260 _b"मेघदूत प्रकाशन,पुणे."
260 _c1993
300 _a179
600 _aखांडगे भास्कर.
630 _aअस्वस्थ सूर्योदय.
700 _aखांडगे भास्कर.
730 _aअस्वस्थ सूर्योदय.
942 _cBOOK
999 _c1324909
_d1324906